Central Library OPAC University of Rajshahi

Accounting principles / (Record no. 14527)

MARC details
000 -LEADER
fixed length control field 00802cam a2200265u 4500
001 - CONTROL NUMBER
control field 14527
003 - CONTROL NUMBER IDENTIFIER
rucl marc code BD-RjUL
005 - DATE AND TIME OF LATEST TRANSACTION
control field 20211208235638.0
008 - FIXED-LENGTH DATA ELEMENTS--GENERAL INFORMATION
fixed length control field 140206s1949 ohu 001 0 eng
035 ## - SYSTEM CONTROL NUMBER
System control number (BD-RjUL)14580
040 ## - CATALOGING SOURCE
Original cataloging agency DLC
Transcribing agency CarP
Modifying agency DLC
-- BD-RjUL
Language of cataloging eng
041 ## - LANGUAGE CODE
Language code of text/sound track or separate title eng
082 ## - DEWEY DECIMAL CLASSIFICATION NUMBER
Classification number 657
Author mark and year NOA 1949
100 1# - MAIN ENTRY--PERSONAL NAME
Personal name Noble, Howard S.
Fuller form of name (Howard Scott),
Dates associated with a name 1893-
9 (RLIN) 45307
245 00 - TITLE STATEMENT
Title Accounting principles /
Statement of responsibility, etc. Howard S. Noble
250 ## - EDITION STATEMENT
Edition statement 5th ed.
260 ## - PUBLICATION, DISTRIBUTION, ETC. (IMPRINT)
Place of publication, distribution, etc. Cincinnati :
Name of publisher, distributor, etc. South-western Pub. Co.,
Date of publication, distribution, etc. c1949.
300 ## - PHYSICAL DESCRIPTION
Pagination x, 677 p. :
Illustrations ill. ;
Size 23 cm.
504 ## - BIBLIOGRAPHY, ETC. NOTE
Bibliography, etc Includes index.
650 #0 - SUBJECT ADDED ENTRY--TOPICAL TERM
Topical term or geographic name as entry element Accounting.
9 (RLIN) 45308
700 1# - ADDED ENTRY--PERSONAL NAME
Personal name McKinsey, James Oscar,
Dates associated with a name 1889-1937.
942 ## - ADDED ENTRY ELEMENTS (KOHA)
Source of classification or shelving scheme Dewey Decimal Classification
Koha item type Books
Holdings
Lost status Source of classification or shelving scheme Damaged status Not for loan Collection code Permanent Location Current Location Shelving location Date acquired Source of acquisition Total Checkouts Full call number Date last seen Copy number Koha item type
  Dewey Decimal Classification     Non-fiction Central Library, University of Rajshahi Central Library, University of Rajshahi   07/04/1962 Asia Foundation   657 NOA 1949 06/02/2014 C-2 Books
  Dewey Decimal Classification     Non-fiction Central Library, University of Rajshahi Central Library, University of Rajshahi   30/06/1961 Asia foundation   657 NOA 1949 10/02/2014 C-5 Books
  Dewey Decimal Classification     Non-fiction Central Library, University of Rajshahi Central Library, University of Rajshahi   30/06/1961 Asia Foundation   657 NOA 1949 10/04/2019 C-3 Books
  Dewey Decimal Classification   Not For Loan Non-fiction Central Library, University of Rajshahi Central Library, University of Rajshahi Reading Room 30/06/1961 Asia Foundation   657 NOA 1949 10/04/2019 C-1 Books